Les Capitales des 60 pays les plus petits du Monde - Statistiques

Statistiques générales
  • Ce quiz a été pris 263 fois
    135 depuis la dernière actualisation
  • Le résultat moyen est 36 sur 60
Statistiques - réponses
État Superficie (en km2) Capitale % Correct
Arménie 29 743 Erevan
95%
Albanie 28 748 Tirana
94%
Djibouti 23 200 Djibouti
92%
Haïti 27 750 Port-au-Prince
86%
Macédoine du Nord 25 713 Skopje
85%
Koweït 17 818 Koweït
83%
Monaco 2,02 Monaco
83%
Vatican 0,44 Vatican
83%
Malte 316 La Valette
82%
Saint-Marin 61,19 Saint-Marin
82%
Liban 10 452 Beyrouth
81%
Luxembourg 2 586 Luxembourg
81%
Chypre 9 251 Nicosie
81%
Salvador 21 041 San Salvador
81%
Singapour 710 Singapour
81%
Qatar 11 586 Doha
78%
Rwanda 26 338 Kigali
77%
Liechtenstein 160 Vaduz
77%
Andorre 468 Andorre-la-Vieille
76%
Jamaïque 10 991 Kingston
75%
Monténégro 13 812 Podgorica
74%
Belize 22 966 Belmopan
73%
São Tomé-et-Príncipe 964 São Tomé
72%
Bahamas 13 943 Nassau
70%
Cap-Vert 4 033 Praia
67%
Timor oriental 14 874 Dili
66%
Maldives 300 Malé
65%
Guinée équatoriale 28 051 Malabo
63%
Trinité-et-Tobago 5 130 Port-d'Espagne
63%
Burundi 27 834 Gitega
62%
Maurice 2 040 Port-Louis
62%
Gambie 11 295 Banjul
61%
Bahreïn 758 Manama
61%
Fidji 18 272 Suva
61%
Comores 2 236 Moroni
60%
Seychelles 452 Victoria
60%
Eswatini 17 364 Mbabane
58%
Sainte-Lucie 539 Castries
56%
Dominique 751 Roseau
56%
Antigua-et-Barbuda 442 Saint John's
52%
Samoa 2 842 Apia
51%
Barbade 430 Bridgetown
50%
Îles Salomon 28 896 Honiara
50%
Saint-Vincent-et-les Grenadines 389 Kingstown
48%
États fédérés de Micronésie 702 Palikir
48%
Vanuatu 12 189 Port-Vila
48%
Saint-Christophe-et-Niévès 261 Basseterre
46%
Tonga 747 Nuku'alofa
45%
Nauru 21 Yaren
45%
Slovénie 20 273 Ljubljana
44%
Brunei 5 765 Bandar Seri Begawan
42%
Grenade 344 Saint-Georges
39%
Palestine 6 020 Ramallah
31%
Kiribati 726 Tarawa-Sud
30%
Palaos 459 Melekeok
17%
Îles Cook 236 Avarua
15%
Niue 260 Alofi
13%
Israël 22 072 Tel Aviv-Jaffa
7%
Îles Marshall 181 Delap-Uliga-Darrit
6%
Tuvalu 26 Vaiaku
4%
Aucun quiz correspondant
Distribution des résultats
% des personnes avec chaque résultat
Percentile par nombre de réponses
Votre historique - résultats
Vous n’avez pas pris ce quiz depuis la dernière actualisation